000 00327nam a2200133Ia 4500
005 20260326235442.0
008 260326s9999||||xx |||||||||||||| ||und||
100 _aBrierley, John
245 0 _aParking of motor vehicles /
_cJohn Brierley
260 _bC.R. Books
300 _a306 p.
650 _aESTACIONAMIENTOS
942 _cBK
999 _c7441
_d7441